000
00289nam a22001337a 4500
008
181031b xxu||||| |||| 00| 0 eng d
020
_a
0395877830
041
_a
eng
080
_a
371
100
_a
46
101
_a
EDU
245
_a
Strategies for Success
_c
Hopper,C.H
942
_2
udc
_c
BK
999
_c
51238
_d
51238